1742 1965 1806 1050 1430 1860 1937 1965 1163 1634 1977 1191 1758 1830 1229 1958 1697 1828 1863 1280 1079 1868 1941 1600 1459 1091 1595 1145 1776 1960 1358 1976 1840 1557 1681 1996 1977 1776 1696 1019 1610 1590 1394 1556 1710 1175 1432 1122 1954 1975 1516 1393 1833 1409 1545 1683 1540 1358 1007 1105 1429 1786 1431 1133 1587 1018 1077 1596 1580 1438 1433 1279 1394 1908 1551 1119 1293 1840 1814 1108 1080 1504 1538 1068 1104 1243 1627 1511 1159 1422 1432 1689 1447 1449 1502 1662 1683 1742 1266 BCNSPRNW ULIB Ver.6.0+V

เปลี่ยนเป็นภาษาไทย

Change to English
 แสดงรายละเอียดบรรณานุกรม
  กลับหน้าหลัก

Brief Record : Get Marc (ISO 2709) : E-mail record : QR code < ปิดหน้าต่าง
LEADER : 00000nam 2200000uu 4500
001    13399122823
003     ULIB
008    130927s2554||||th 000 0 tha d
020    ^a9786167078106
090    นว.^bภ21ท
100 0  ^aภาคินัย
245 10 ^aท้าคนเป็น เห็นคนตาย /^cภาคินัย [นามแฝง]
250    พิมพ์ครั้งที่4
260    ^aกรุงเทพฯ :^bโซฟา พับลิชชิ่ง,^c2554
300    ^a248 หน้า
945    ^p185^l0^i034049
999    ^aเกษร โพธิ์สุวรรณ
รายการนี้ยังไม่มีแท็ก
คุณยังไม่ได้ล็อกอิน คุณสามารถมีกิจกรรมร่วมกับเว็บไซต์ได้ แต่ต้องล็อกอินก่อน ::
  ล็อกอิน

รายการสื่อสารสนเทศ

ลำดับที่ ประเภท เลขเรียก/บาร์โค้ด สถานที่ สถานะ
1. นวนิยาย
นวนิยาย
นว. ภ21ท ฉ.1 
  Barcode: 034049
ห้องสมุดวิทยาเขตสวรรค์ประชารักษ์
►นวนิยาย
บนชั้น
  ขอยืม

รายการใกล้เคียง
    ผู้แต่ง [ภาคินัย]

BibComment


ยังไม่เคยถูกคอมเมนท์

คอมเมนท์ทรัพยากรรายการนี้
  คอมเมนท์: ท้าคนเป็น เห็นคน..


 Copyright 2026. Bcnsprnw @Library